|
|
|
|
| LEADER |
00000nam0a2200000 4500 |
| 001 |
77386 |
| 005 |
20231031092914.0 |
| 035 |
|
|
|a (RuTPU)RU\TPU\book\82986
|
| 035 |
|
|
|a RU\TPU\book\78563
|
| 090 |
|
|
|a 77386
|
| 100 |
|
|
|a 20050519d1970 k y0rusy50 ca
|
| 101 |
0 |
|
|a rus
|
| 102 |
|
|
|a RU
|
| 105 |
|
|
|a y z 001zy
|
| 200 |
1 |
|
|a Преобразователи информации для электронных цифровых вычислительных устройств
|f Э. И. Гитис
|
| 205 |
|
|
|a 2-е изд., перераб.
|
| 210 |
|
|
|a Москва
|c Энергия
|d 1970
|
| 215 |
|
|
|a 339 с.
|
| 320 |
|
|
|a Список литературы: с. 389-397.
|
| 610 |
1 |
|
|a аналого-цифровые преобразователи
|
| 610 |
1 |
|
|a цифро-аналоговые преобразователи
|
| 610 |
1 |
|
|a электронные устройства
|
| 610 |
1 |
|
|a цифровые вычислительные устройства
|
| 610 |
1 |
|
|a параметры
|
| 610 |
1 |
|
|a проектирование
|
| 610 |
1 |
|
|a системы счисления
|
| 610 |
1 |
|
|a коды
|
| 610 |
1 |
|
|a методы связи
|
| 675 |
|
|
|a 681.142.37
|v 3
|
| 700 |
|
1 |
|a Гитис
|b Э. И.
|g Эммануил Исаакович
|
| 801 |
|
1 |
|a RU
|b 63413507
|c 20050221
|g PSBO
|
| 801 |
|
2 |
|a RU
|b 63413507
|c 20150302
|g PSBO
|
| 942 |
|
|
|c BK
|